Campeões da UEFA Champions League (jogadores) - Morte súbita - Statistics

Estatísticas Gerais
  • Esse quiz foi jogado 5 075 vezes
  • A pontuação média é 8 de 44
Answers on the Grid
Answers color-coded by a green-red scale on the quiz's grid according to % correct below.
Toni Kroos
Lionel Messi
Cristiano Ronaldo
Karim Benzema
Andrés Iniesta
Gerd Müller
Franz Beckenbauer
Uli Hoeneß
Thomas Müller
Manuel Neuer
Achraf Hakimi
Nuno Mendes
Marc-André ter Stegen
Arda Güler
Virgil van Dijk
Eden Hazard
Julián Alvarez
Mason Mount
Kai Havertz
N'Golo Kanté
Timo Werner
Olivier Giroud
Jamal Musiala
Robert Lewandowski
Joshua Kimmich
Niklas Süle
Neymar
Sadio Mané
Sami Khedira
Luis Suárez
Emre Can
Franck Ribéry
Bastian Schweinsteiger
Philipp Lahm
Kaká
Frank Lampard
Ashley Cole
Petr Cech
Fernando Torres
Thierry Henry
Ronaldinho
Oliver Kahn
Lars Ricken
Rudi Völler
Kylian Mbappé
Mats Hummels
Roberto Baggio
Antoine Griezmann
Cesc Fabregas
Michael Ballack
Ruud van Nistelrooy
Lilian Thuram
Francesco Totti
Fabio Cannavaro
Zlatan Ibrahimović
Sergio Agüero
Dennis Bergkamp
Gianluigi Buffon
Ronaldo (R9)
Lothar Matthäus
Florian Wirtz
Jadon Sancho
Julian Brandt
Marco Reus
Julian Draxler
Jens Lehmann
Pierre-Emerick Aubameyang
Mesut Özil
Mario Götze
Harry Kane
Heung-min Son
Diego Maradona
 
Estatísticas das Respostas
Resposta % Correto
Neymar
33%
Cristiano Ronaldo
32%
Lionel Messi
32%
Karim Benzema
31%
Virgil van Dijk
31%
Kaká
29%
Luis Suárez
29%
Manuel Neuer
28%
Ronaldinho
28%
Toni Kroos
28%
Robert Lewandowski
27%
Thomas Müller
27%
Andrés Iniesta
26%
Sadio Mané
26%
Achraf Hakimi
24%
Nuno Mendes
23%
Philipp Lahm
23%
Joshua Kimmich
22%
Kai Havertz
22%
N'Golo Kanté
22%
Franck Ribéry
21%
Frank Lampard
18%
Julián Alvarez
18%
Marc-André ter Stegen
17%
Bastian Schweinsteiger
16%
Petr Cech
16%
Eden Hazard
15%
Thierry Henry
15%
Gerd Müller
14%
Mason Mount
14%
Arda Güler
13%
Fernando Torres
13%
Franz Beckenbauer
13%
Oliver Kahn
13%
Timo Werner
12%
Sami Khedira
10%
Ashley Cole
9%
Olivier Giroud
7%
Jamal Musiala
6%
Niklas Süle
6%
Emre Can
4%
Rudi Völler
3%
Lars Ricken
2%
Uli Hoeneß
2%
Nenhum quiz correspondente encontrado
Distribuição das Pontuações
Porcentagem de Pessoas com Cada Pontuação
Percentil de Números Respondidos
Sua Pontuação Histórica
Você não jogou esse quiz